00908cam a22002771 4500001001300000003000400013005001700017008004100034010001700075035002000092040002000112042001200132043001200144050003000156110001100186245010900197250004300306260004600349300002500395500009300420650004200513700001600555700001800571700002400589999001700613sa 65010824 DLC20260227112211.0880202s1965 ii 000 0 eng  asa 65010824  a(OCoLC)19428913 aDLCcMnU-LdDLC apremarc aa-ii---00aKNS2650.A311962bD88 19651 aIndia.14aThe defence of India act, 1962 and rules with allied legislation /cedited by B. N. Dutt & B. R. Beotra. a2nd ed., /brev. by E. S. Subramaniam. aAllahabad (India) :bLaw Book Co.,c1965. axx, 568 p. ;c25 cm. aFirst ed. published in 1963 under title: Commentaries on the Defence of India act, 1962. 0aWar and emergency legislationzIndia.1 aDutt, B. N.1 aBeotra, B. R.1 aSubrahmanyam, E. S. c66966d66966